[Event "Sochi ChessAmateur op10"]
[Site "Sochi"]
[Date "2018.10.15"]
[Round "6"]
[White "Galstyan, Sargis"]
[Black "Tjulenev, Sergei"]
[Result "0-1"]
[WhiteElo "1371"]
[BlackElo "1938"]
[PlyCount "104"]
[EventDate "2018.10.12"]
[EventType "swiss"]
[EventRounds "9"]
[EventCountry "RUS"]
[SourceTitle "CBM 187 Extra"]
[Source "ChessBase"]
[SourceDate "2018.11.04"]
[SourceVersion "1"]
[SourceVersionDate "2018.11.04"]
[SourceQuality "1"]

1. e4 c6 2. d4 d5 3. e5 Bf5 4. Nf3 e6 5. Bd3 Bxd3 6. Qxd3 Qa5+ 7. c3 Qa6 8. Qxa6 Nxa6 9. 0-0 c5 10. Nbd2 Ne7 11. Nb3 b6 12. Bg5 Nf5 13. Nh4 Ne7 14. Bxe7 Bxe7 15. Nf3 Nc7 16. a4 0-0 17. Rfc1 c4 18. Nbd2 a6 19. b3 cxb3 20. Nxb3 Rfc8 21. c4 dxc4 22. Rxc4 Nd5 23. Rac1 Rxc4 24. Rxc4 b5 25. axb5 axb5 26. Rc6 Kf8 27. g3 Ke8 28. Nc5 Kd8 29. Nd2 Rc8 30. Rxc8+ Kxc8 31. Ndb3 Kc7 32. Kf1 Kc6 33. Ke2 b4 34. Kd3 Kb5 35. f4 Nc3 36. Ne4 Nxe4 37. Kxe4 Kc4 38. Na5+ Kc3 39. d5 b3 40. Nxb3 Kxb3 41. f5 exf5+ 42. Kxf5 g6+ 43. Kf4 Kc4 44. d6 Bd8 45. Ke4 Kc5 46. g4 Bg5 47. h3 Kc6 48. Kd4 f6 49. Ke4 fxe5 50. Kxe5 Kd7 51. Kd5 Bf4 52. h4 Bxd6 0-1